00317 a2200109 4500020001800000082001800018100003000036245004200066260004300108300001900151650003700170 a9789693523621 a891.4393bYAH aBaba, Muhammad Yahya Khan aShab DeedacBaba, Muhammad Yahya Khan aLahorebSang-e-Meel Publicationsc2011 a882 p.c25 cm. a1. Urdu Literature-Short Stories